|
|
|
|
| LEADER |
00000ny a22000003n 4500 |
| 005 |
20110512111853.0 |
| 008 |
070206s19uu9999xx r p s 0 a0spa d |
| 022 |
|
|
|a 0798-9202
|
| 035 |
|
|
|a 3199
|
| 040 |
|
|
|a BUS
|d vLex
|
| 080 |
|
|
|a Ciencia Polt̕ica , Derecho
|
| 090 |
|
|
|c 1748
|d 1748
|
| 245 |
3 |
|
|a Revista CENIPEC
|h [Recurso electrn̤ico]
|
| 256 |
|
|
|a Servicio en ln̕ea
|
| 260 |
|
|
|a [s.l]:
|b Universidad de Los Andes (Venezuela)
|
| 506 |
1 |
|
|a Contenido solo disponible en los productos indicados
|d vLex Global
|d vLex Global (Academic Edition, excluding Law Schools)
|d vLex Global (Academic Edition, Law Schools)
|
| 650 |
0 |
4 |
|a Ciencia polt̕ica
|x Publicaciones perid̤icas
|
| 650 |
0 |
4 |
|a Derecho
|x Publicaciones perid̤icas
|
| 650 |
0 |
4 |
|a Law
|
| 740 |
0 |
|
|a vLex Revista (Servicios en ln̕ea)
|
| 843 |
|
|
|a Electrn̤ica. Cerrada
|
| 853 |
|
|
|8 1
|i (year)
|j (month)
|k (day)
|
| 856 |
4 |
0 |
|u http://vlex.com/source/3199
|z Acceso restringido
|
| 942 |
|
|
|c REV
|